| 000 | 01562nam0a2200337 4500 | ||
|---|---|---|---|
| 001 | RU\NLR\cart\7199 | ||
| 005 | 20250617204810.0 | ||
| 035 | _a(NLR Aleph) 004277304 | ||
| 090 |
_a2328360 _c2328360 |
||
| 100 | _a20120312d2003 |||y0rusy50 ca | ||
| 101 | 0 | _arus | |
| 102 | _aRU | ||
| 105 | _ab t 000yy | ||
| 120 | _abya xx|| | ||
| 123 | 0 | _aa | |
| 200 | 1 |
_aНаши ценности среды обитания _bКарты _eРегион Финского залива _eСборник информационных и методических материалов _fПодгот. и опубл. орг. "Дети Балтики" при содействии "Зеленого Мира" и при фин. поддержке Коалиции "Чистая Балтика" _gСост.: В.В. Овчаренко, О.Н. Сенова |
|
| 205 | _aИзд. 4-е, доп. и перераб. | ||
| 206 | _aБ. м-ба | ||
| 210 |
_aСанкт-Петербург _cДети Балтики _d2003 |
||
| 215 |
_a140 c. _cтекст, ил., табл., граф. _d30х21 см |
||
| 300 | _aЗагл., вых. данные, предисл. парал. рус., англ. | ||
| 509 | 0 | 1 |
_7ca _aФинский залив _92634193 _3RU\NLR\auth_crt\551021 |
| 606 | 0 |
_aЭкологические _92177818 _3RU\NLR\auth_crt\6648 |
|
| 620 | _aРоссия | ||
| 702 | 1 |
_aОвчаренко _bВ. В. _4220 |
|
| 702 | 1 |
_aСенова _bО. Н. _4220 |
|
| 801 | 0 |
_aRU _bNLR _c20120312 _gPSBO |
|
| 852 |
_aNLR _bК _jСпр/669 _mКС 3194 |
||
| 942 | _cBOOK | ||
| 980 | _aNB | ||